كتاب الألفاظ : (رقم التسجيلة. 31386)

تفاصيل مارك
000 -LEADER
fixed length control field 00588nam a22001817a 4500
005 - DATE AND TIME OF LATEST TRANSACTION
control field 20251108165805.0
008 - FIXED-LENGTH DATA ELEMENTS--GENERAL INFORMATION
fixed length control field 250721s1991 xx 000 0 ara d
082 14 - DEWEY DECIMAL CLASSIFICATION NUMBER
Classification number م/418.2/مرز
100 1# - MAIN ENTRY--PERSONAL NAME
Personal name إبن المرزبان، أبو منصور محمد بن سهل
245 10 - TITLE STATEMENT
Title كتاب الألفاظ :
Remainder of title الكتابة و التعبير /
264 1# - PRODUCTION, PUBLICATION, DISTRIBUTION, MANUFACTURE, AND COPYRIGHT NOTICE
Place of production, publication, distribution, manufacture عمان :
Name of producer, publisher, distributor, manufacturer دار البشير،
Date of production, publication, distribution, manufacture, or copyright notice 1991.
300 ## - PHYSICAL DESCRIPTION
Extent 221ص
650 17 - SUBJECT ADDED ENTRY--TOPICAL TERM
Topical term or geographic name as entry element اللغة العربية
650 17 - SUBJECT ADDED ENTRY--TOPICAL TERM
Topical term or geographic name as entry element التعبير
700 1# - ADDED ENTRY--PERSONAL NAME
Personal name قنيبي، حامد صادق
Relator term تحقيق
942 ## - ADDED ENTRY ELEMENTS (KOHA)
Source of classification or shelving scheme Dewey Decimal Classification
Koha item type مراجع
المقتنيات
حالة السحب حالة الفقدان مصدر التصنيف حالة التلف غير قابل للإعارة المكتبة الرئيسية المكتبة الحالية موقع الرف تاريخ التزويد الرقم المتسلسل Total Checkouts رقم الإستدعاء الباركود تاريخ آخر ظهور تاريخ الفاتورة نوع المادة (كوها)
    Dewey Decimal Classification   Not For Loan المكتبة المركزية المكتبة المركزية مراجع 06/07/2004 174940   م/418.2/مرز 174940 28/07/2025 06/07/2004 مراجع
    Dewey Decimal Classification   Not For Loan مكتبة الأميرة ايمان العامة مكتبة الأميرة ايمان العامة مراجع 30/09/2013 [989]   م/418.2/مرز PLD00280661 28/07/2025 30/09/2013 مراجع
    Dewey Decimal Classification   Not For Loan مكتبة الاميرة بديعة مكتبة الاميرة بديعة مراجع 06/07/2004 3437   م/418.2/مرز 3437 28/07/2025 06/07/2004 مراجع
    Dewey Decimal Classification   Not For Loan مكتبة الجويدة مكتبة الجويدة مراجع 15/06/2015 (3196)   م/418.2/مرز PLD00331076 28/07/2025 15/06/2015 مراجع
    Dewey Decimal Classification   Not For Loan مكتبة الحسن العامة مكتبة الحسن العامة مراجع 06/07/2004 7120   م/418.2/مرز DUP-01_7120 28/07/2025 06/07/2004 مراجع
    Dewey Decimal Classification   Not For Loan مكتبة النصر العامة مكتبة النصر العامة مراجع 06/07/2004 5244   م/418.2/مرز 5244 28/07/2025 06/07/2004 مراجع
    Dewey Decimal Classification   Not For Loan مكتبة صويلح العامة مكتبة صويلح العامة مراجع 08/10/2019 0006689   م/418.2/مرز PLD00470715 28/07/2025 08/10/2019 مراجع
    Dewey Decimal Classification   Not For Loan مكتبة وادي السير العامة مكتبة وادي السير العامة مراجع 06/07/2004 3905   م/418.2/مرز 3905 28/07/2025 06/07/2004 مراجع
Implemented & Customized by: BBB with SCIT (Smart Chains for Information Technology)

Powered by Koha